[Event "XI MFSz PERLA BALTYKU"]
[Site "Lazy"]
[Date "2015.07.05"]
[Round "7.11"]
[White "Lewtak, Dominik"]
[Black "Woloch, Oskar"]
[Result "1-0"]
[WhiteElo "2153"]
[BlackElo "2092"]
[PlyCount "141"]
[EventDate "2015.??.??"]

1. Nf3 f5 2. c4 Nf6 3. Nc3 g6 4. g3 Bg7 5. Bg2 O-O 6. O-O e6 7. d4 d5 8. Ne5 c6
9. e3 Nbd7 10. f4 Nxe5 11. dxe5 Ne4 12. Qc2 Rf7 13. b4 Bf8 14. Rb1 Rd7 15. Ne2
b5 16. Bxe4 fxe4 17. c5 a5 18. a3 axb4 19. axb4 Rda7 20. Bb2 Bd7 21. Kg2 Bg7
22. Qd2 Qe7 23. Rfc1 Ra2 24. Qe1 R2a7 25. Ra1 Qd8 26. Rxa7 Rxa7 27. Ra1 Qa8 28.
Rxa7 Qxa7 29. Qa1 Qxa1 30. Bxa1 Kf7 31. g4 Ke7 32. Bc3 Bf8 33. Be1 Bg7 34. Nd4
Bh8 35. Bh4+ Kf7 36. Ne2 Bg7 37. Kf2 Bh8 38. Ke1 Bg7 39. Kd2 Bh8 40. Kc3 Bg7
41. Kd4 Bh8 42. Bg5 Bg7 43. h3 h6 44. Bh4 Bh8 45. Nc1 Bg7 46. Nb3 Bf8 47. Bf6
Be7 48. Bxe7 Kxe7 49. Kc3 Kf7 50. Kd2 Ke7 51. Ke2 Kf7 52. Kf2 Ke7 53. Kg3 Kf7
54. Nd4 Ke7 55. f5 exf5 56. gxf5 Bxf5 57. Nxc6+ Ke6 58. Nd4+ Kxe5 59. Nxb5 g5
60. Nd4 Bc8 61. b5 h5 62. b6 Ba6 63. c6 Kd6 64. b7 Kc7 65. Ne6+ Kb8 66. Nc5
Bxb7 67. cxb7 Kc7 68. Ne6+ Kxb7 69. Nxg5 Kc6 70. Kh4 d4 71. exd4 1-0

[Event "XI MFSz PERLA BALTYKU"]
[Site "Lazy"]
[Date "2015.07.05"]
[Round "7.12"]
[White "Kubicka, Anna"]
[Black "Pilzak, Marcin"]
[Result "1-0"]
[WhiteElo "2014"]
[BlackElo "2145"]
[PlyCount "97"]
[EventDate "2015.??.??"]

1. e4 e6 2. d4 d5 3. Nd2 c5 4. exd5 exd5 5. Ngf3 Nf6 6. Bb5+ Bd7 7. Bxd7+ Nbxd7
8. O-O Be7 9. dxc5 Nxc5 10. Nb3 Nce4 11. Nbd4 Nd6 12. Nh4 Qd7 13. Qf3 Nfe4 14.
Nhf5 Bf6 15. Nxd6+ Qxd6 16. Nf5 Qc6 17. c3 O-O 18. Qg4 Kh8 19. Be3 Qe6 20. h3
g6 21. Nd4 Qxg4 22. hxg4 Nd6 23. Rad1 Rfd8 24. Rfe1 Kg8 25. Kf1 Rd7 26. Bf4 Nc4
27. Re2 Re7 28. Rxe7 Bxe7 29. b3 Nb6 30. Nb5 a6 31. Nc7 Rd8 32. Be3 d4 33. Rxd4
Rc8 34. Rd3 Rxc7 35. Bxb6 Rc6 36. Bd8 Bxd8 37. Rxd8+ Kg7 38. c4 b5 39. cxb5
axb5 40. Rd5 b4 41. Rb5 Rc2 42. Rxb4 Rxa2 43. g3 Rb2 44. Rb7 Kf6 45. Kg2 h6 46.
b4 Kg5 47. Rxf7 Rxb4 48. Kh3 h5 49. f4+ 1-0

[Event "XI MFSz PERLA BALTYKU"]
[Site "Lazy"]
[Date "2015.07.05"]
[Round "7.13"]
[White "Januszkiewicz, Wojciech"]
[Black "Nowak, Kamil"]
[Result "0-1"]
[WhiteElo "2025"]
[BlackElo "2123"]
[PlyCount "70"]
[EventDate "2015.??.??"]

1. e4 e5 2. Nf3 Nc6 3. Bb5 a6 4. Bxc6 dxc6 5. O-O Qd6 6. d4 exd4 7. Nxd4 Bd7 8.
Be3 O-O-O 9. Nd2 Qg6 10. Qe2 Nf6 11. f3 Kb8 12. Nc4 Be7 13. Rfd1 Rhe8 14. Ne5
Qh5 15. Nxd7+ Nxd7 16. Nf5 Bf6 17. Rd2 g6 18. Nd4 Be5 19. g3 Bd6 20. Rad1 Ne5
21. Kg2 f5 22. exf5 gxf5 23. Qf1 Ng6 24. Bg1 c5 25. Nc6+ bxc6 26. Qxa6 Nh4+ 27.
gxh4 Rg8+ 28. Kf2 Qxh4+ 29. Ke2 Rg2+ 30. Kf1 Rxg1+ 31. Kxg1 Bxh2+ 32. Kf1 Qh3+
33. Ke1 Bg3+ 34. Ke2 Qh2+ 35. Ke3 Bf4# 0-1

[Event "XI MFSz PERLA BALTYKU"]
[Site "Lazy"]
[Date "2015.07.05"]
[Round "7.14"]
[White "Zebracki, Tomasz"]
[Black "Mazalon, Mariusz"]
[Result "1-0"]
[WhiteElo "2114"]
[BlackElo "2058"]
[PlyCount "85"]
[EventDate "2015.??.??"]

1. e4 c5 2. Nf3 d6 3. c3 Nf6 4. Be2 Bg4 5. Qb3 Qc7 6. Ng5 e6 7. Bxg4 Nxg4 8.
Nxe6 Qe7 9. Qa4+ Nc6 10. Nxf8 Rxf8 11. O-O O-O-O 12. d4 cxd4 13. cxd4 Qxe4 14.
f3 Qxd4+ 15. Qxd4 Nxd4 16. fxg4 Nc2 17. Bg5 Nxa1 18. Bxd8 Kxd8 19. Na3 Re8 20.
Kf2 Re4 21. Rxa1 Rxg4 22. Rd1 Ke7 23. b3 a6 24. Nc4 Rg6 25. Rd3 b5 26. Nb6 Ke6
27. Re3+ Kf5 28. Nd5 Rh6 29. Rh3 Rxh3 30. gxh3 a5 31. a4 bxa4 32. bxa4 Ke5 33.
Ne7 Kd4 34. Nc6+ Kc3 35. Nxa5 Kb4 36. Nb7 d5 37. a5 Kb5 38. Ke3 f5 39. Nd6+
Kxa5 40. Nxf5 g6 41. Ne7 Kb5 42. Nxd5 Kc5 43. Nf6 1-0

[Event "XI MFSz PERLA BALTYKU"]
[Site "Lazy"]
[Date "2015.07.05"]
[Round "7.15"]
[White "Miturova, Magdalena"]
[Black "Eggink, Mateusz"]
[Result "0-1"]
[WhiteElo "2149"]
[BlackElo "2177"]
[PlyCount "70"]
[EventDate "2015.??.??"]

1. e4 c5 2. Nf3 e6 3. d4 cxd4 4. Nxd4 a6 5. Nc3 b5 6. Bd3 Qb6 7. Nb3 Qc7 8. f4
Bb7 9. Qe2 d6 10. Bd2 Nd7 11. a4 b4 12. Na2 a5 13. c3 d5 14. cxb4 axb4 15. Rc1
Qd8 16. a5 dxe4 17. Bxe4 Bxe4 18. Qxe4 Ngf6 19. Qc4 Nd5 20. f5 Ne5 21. Qe4 Bd6
22. fxe6 fxe6 23. O-O Nf6 24. Qd4 Nd3 25. Rc4 Rxa5 26. Kh1 Rd5 27. Qe3 O-O 28.
Nxb4 Ne4 29. Rxf8+ Qxf8 30. Nxd3 Rxd3 31. Qe2 Rxb3 32. Rxe4 Rxb2 33. Rd4 Rb1+
34. Be1 Bb4 35. Qxe6+ Kh8 0-1

[Event "XI MFSz PERLA BALTYKU"]
[Site "Lazy"]
[Date "2015.07.05"]
[Round "7.16"]
[White "Mielczarski, Miroslaw"]
[Black "Kicinski, Jacek"]
[Result "1-0"]
[WhiteElo "2191"]
[BlackElo "2006"]
[PlyCount "121"]
[EventDate "2015.??.??"]

1. Nf3 d5 2. g3 Nf6 3. Bg2 c5 4. d3 Nc6 5. O-O e5 6. Nbd2 Be7 7. e4 d4 8. Nc4
Qc7 9. a4 h6 10. Nh4 Be6 11. Nf5 Bf8 12. f4 g6 13. fxe5 Nxe4 14. Bxe4 gxf5 15.
Bxf5 Bxc4 16. dxc4 Nxe5 17. Bf4 Bd6 18. Qh5 Ke7 19. Bh3 f6 20. Qf5 Raf8 21. a5
a6 22. Qe6+ Kd8 23. Bd2 Qd7 24. Rxf6 Qxe6 25. Rxe6 Nxc4 26. Bxh6 Re8 27. Bg5+
Kc7 28. Rxe8 Rxe8 29. b3 Ne3 30. Re1 Rh8 31. Bxe3 dxe3 32. Be6 Be5 33. Kg2 Bd4
34. g4 Kc6 35. Bc4 Rf8 36. Re2 Kd6 37. h4 Ke5 38. c3 Ke4 39. cxd4 cxd4 40. Re1
Rf2+ 41. Kg3 d3 42. g5 d2 43. Rd1 e2 44. Bxe2 Rxe2 45. g6 Kd3 46. h5 Re1 47.
Rxd2+ Kxd2 48. Kf4 Rg1 49. Kf5 Rf1+ 50. Ke6 Rh1 51. g7 Rxh5 52. g8=Q Rb5 53.
Kd6 Kc3 54. Qc4+ Kb2 55. Qxb5 axb5 56. Kc7 Kxb3 57. Kxb7 Kc2 58. a6 b4 59. a7
b3 60. a8=Q b2 61. Qa2 1-0

[Event "XI MFSz PERLA BALTYKU"]
[Site "Lazy"]
[Date "2015.07.05"]
[Round "7.17"]
[White "Krainski, Aleksander"]
[Black "Nowak, Lukasz"]
[Result "1/2-1/2"]
[WhiteElo "2165"]
[BlackElo "2116"]
[PlyCount "118"]
[EventDate "2015.??.??"]

1. Nf3 Nf6 2. g3 g6 3. Bg2 Bg7 4. O-O O-O 5. d4 d6 6. Nbd2 Nbd7 7. e4 e5 8. c3
b6 9. Re1 Bb7 10. b4 Re8 11. d5 c6 12. dxc6 Bxc6 13. Nc4 Nxe4 14. Nxd6 Nxd6 15.
Qxd6 Rc8 16. Bg5 f6 17. Be3 Nf8 18. Qxd8 Rexd8 19. Rac1 Ne6 20. c4 f5 21. Ng5
Nxg5 22. Bxg5 Rd7 23. Bf1 Rdc7 24. Be3 Be8 25. c5 Bf8 26. Ba6 Rb8 27. cxb6 Rxc1
28. Rxc1 axb6 29. Rc7 Bf7 30. a3 b5 31. Bc5 Be8 32. Bb7 Bf7 33. Kf1 Rd8 34. Ke1
Bd6 35. Rc6 Bd5 36. Rb6 Bxb7 37. Rxb7 Rb8 38. Rd7 Bxc5 39. bxc5 Rc8 40. Rd5 Kf7
41. Rxe5 Kf6 42. f4 Ra8 43. c6 Rxa3 44. Rxb5 Rc3 45. Rb6 Ke6 46. Kd2 Rc5 47.
Rb7 Rxc6 48. Rxh7 Ra6 49. Ke3 Ra3+ 50. Kf2 Ra2+ 51. Kf3 Kf6 52. h4 Rb2 53. h5
gxh5 54. Rxh5 Ra2 55. Rh6+ Kf7 56. Rd6 Rb2 57. Rd3 Ra2 58. g4 fxg4+ 59. Kxg4
Ra5 1/2-1/2

[Event "XI MFSz PERLA BALTYKU"]
[Site "Lazy"]
[Date "2015.07.05"]
[Round "7.18"]
[White "Karwowski, Kacper"]
[Black "Smieszek, Wojciech"]
[Result "1-0"]
[WhiteElo "2003"]
[BlackElo "2035"]
[PlyCount "91"]
[EventDate "2015.??.??"]

1. e4 c5 2. c3 d5 3. exd5 Qxd5 4. d4 g6 5. Be3 cxd4 6. cxd4 Bg7 7. Nc3 Qa5 8.
Nf3 Nf6 9. Bc4 O-O 10. O-O Nbd7 11. Qd2 Nb6 12. Bb3 Qh5 13. Ne5 Ng4 14. Nxg4
Bxg4 15. Bg5 Rad8 16. h3 Rxd4 17. hxg4 Rxg4 18. Bxe7 Qh3 19. Bd5 Be5 20. f4
Nxd5 21. fxe5 Nxe7 22. Ne4 Nd5 23. Rf2 Qh4 24. Qxd5 Rxe4 25. Raf1 Rd4 26. Qxb7
Qe4 27. Qe7 Qe3 28. e6 f5 29. Qxa7 f4 30. Qa5 Qxe6 31. Qc3 Re4 32. b4 Qb6 33.
a3 g5 34. Qb3+ Kg7 35. Qd5 Qg6 36. Rc1 Rf7 37. Rc6 Re1+ 38. Rf1 Rxf1+ 39. Kxf1
Rf6 40. Qd4 Qf5 41. a4 Qb1+ 42. Kf2 Qa2+ 43. Kg1 Qf7 44. Qxf6+ Qxf6 45. Rxf6
Kxf6 46. a5 1-0

[Event "XI MFSz PERLA BALTYKU"]
[Site "Lazy"]
[Date "2015.07.05"]
[Round "7.19"]
[White "Kowalski, Maciej"]
[Black "Sliwicka, Alicja"]
[Result "1-0"]
[WhiteElo "2107"]
[BlackElo "2015"]
[PlyCount "87"]
[EventDate "2015.??.??"]

1. d4 d5 2. c4 e6 3. cxd5 exd5 4. Nc3 Nf6 5. Bg5 Be7 6. e3 O-O 7. Bd3 h6 8. Bf4
c5 9. dxc5 Bxc5 10. Nge2 Nc6 11. O-O Be6 12. Rc1 Qe7 13. Na4 b6 14. a3 Rac8 15.
Ba6 Bd6 16. Bxc8 Rxc8 17. Bxd6 Qxd6 18. h3 Re8 19. Nac3 g5 20. Nd4 Ne5 21. Ncb5
Qf8 22. Nc7 Re7 23. Ncxe6 fxe6 24. Nc6 Nxc6 25. Rxc6 Ne4 26. Rc2 Rg7 27. Qg4
Qf7 28. Rc6 Rg6 29. b4 Rf6 30. Qe2 h5 31. Qc2 Qg7 32. Rc8+ Rf8 33. f3 Nd6 34.
Rxf8+ Kxf8 35. Qc6 Qe7 36. e4 d4 37. e5 Nf5 38. Rc1 Ne3 39. Qc8+ Qe8 40. Qb7 d3
41. Rc8 d2 42. Rxe8+ Kxe8 43. Qc6+ Kf7 44. Qd7+ 1-0

[Event "XI MFSz PERLA BALTYKU"]
[Site "Lazy"]
[Date "2015.07.05"]
[Round "7.20"]
[White "Filewicz, Przemyslaw"]
[Black "Kaczmarska, Joanna"]
[Result "1-0"]
[WhiteElo "2052"]
[BlackElo "1876"]
[PlyCount "67"]
[EventDate "2015.??.??"]

1. Nf3 d5 2. g3 c5 3. Bg2 Nc6 4. O-O e5 5. d3 f5 6. c4 d4 7. e3 Bd6 8. exd4
cxd4 9. Re1 Nge7 10. a3 a5 11. Nbd2 Qc7 12. c5 Bxc5 13. Nc4 e4 14. Bf4 Qd8 15.
dxe4 O-O 16. exf5 h6 17. Nce5 Bxf5 18. Rc1 Qb6 19. Nd3 Bxd3 20. Qxd3 Rf5 21.
Nh4 Rxf4 22. gxf4 Bd6 23. Ng6 Qxb2 24. Qc4+ Kh7 25. Nxe7 Nxe7 26. Be4+ Kh8 27.
Bb1 Rf8 28. Qd3 g6 29. Rc2 Qxa3 30. Qxd4+ Kh7 31. Rce2 Kg8 32. Re6 Nf5 33. Bxf5
Bc5 34. Rxg6+ 1-0

[Event "XI MFSz PERLA BALTYKU"]
[Site "Lazy"]
[Date "2015.07.05"]
[Round "7.21"]
[White "Antolak, Julia"]
[Black "Sciborowski, Miroslaw"]
[Result "1-0"]
[WhiteElo "1987"]
[BlackElo "2029"]
[PlyCount "47"]
[EventDate "2015.??.??"]

1. e4 d5 2. exd5 Qxd5 3. Nc3 Qa5 4. d4 Nf6 5. Bd2 Qb6 6. Nf3 Bg4 7. Bc4 c6 8.
Bxf7+ Kxf7 9. Ne5+ Kg8 10. Nxg4 Qxd4 11. Nxf6+ exf6 12. Qe2 g6 13. Qe6+ Kg7 14.
O-O-O Qe5 15. Qh3 h5 16. Rhe1 Qc7 17. Ne4 Be7 18. Bc3 Qf4+ 19. Kb1 Qg4 20. Qe3
Rd8 21. Rxd8 Bxd8 22. Nxf6 Qf5 23. Nxh5+ Kh7 24. Qe8 1-0

[Event "XI MFSz PERLA BALTYKU"]
[Site "Lazy"]
[Date "2015.07.05"]
[Round "7.22"]
[White "Laszczak, Przemyslaw"]
[Black "Szustakowski, Antoni"]
[Result "1/2-1/2"]
[WhiteElo "1821"]
[BlackElo "1983"]
[PlyCount "81"]
[EventDate "2015.??.??"]

1. d4 d5 2. c4 e6 3. Nc3 Nf6 4. Bg5 Be7 5. e3 O-O 6. Qc2 dxc4 7. Bxc4 c5 8. Nf3
Nc6 9. Rd1 a6 10. dxc5 Qa5 11. a3 Qxc5 12. Bd3 h6 13. Bh4 Ne5 14. Nxe5 Qxe5 15.
Bg3 Qa5 16. O-O Bd7 17. Ne4 Rac8 18. Qb1 Bc6 19. Bd6 Bxd6 20. Nxd6 Rcd8 21. Ne4
Nxe4 22. Bxe4 Bxe4 23. Qxe4 Qb5 24. Qb4 Qxb4 25. axb4 Rxd1 26. Rxd1 Rc8 27. g3
Rc4 28. Rd4 Rxd4 29. exd4 Kf8 30. Kf1 Ke7 31. Ke2 Kd6 32. Kd3 Kd5 33. f3 b5 34.
b3 f6 35. Ke3 g6 36. Kd3 e5 37. dxe5 Kxe5 38. h3 h5 39. Ke3 g5 40. f4+ Kf5 41.
Kf3 1/2-1/2

[Event "XI MFSz PERLA BALTYKU"]
[Site "Lazy"]
[Date "2015.07.05"]
[Round "7.23"]
[White "Wacior, Maciej"]
[Black "Szewczak, Andrzej"]
[Result "1-0"]
[WhiteElo "1921"]
[BlackElo "1887"]
[PlyCount "121"]
[EventDate "2015.??.??"]

1. d4 f5 2. Nf3 Nf6 3. Bf4 d5 4. e3 c6 5. h3 Be6 6. Nbd2 Nbd7 7. Ng5 Bg8 8. c4
e6 9. Qb3 Qb6 10. c5 Qxb3 11. axb3 a6 12. b4 Ne4 13. Ngxe4 fxe4 14. Nb3 h6 15.
Na5 g5 16. Bh2 Ra7 17. Be2 Bg7 18. Bc7 e5 19. Rd1 exd4 20. exd4 Be6 21. Bb6 Ra8
22. Nxb7 O-O 23. Na5 Nxb6 24. cxb6 Bd7 25. Bg4 Bxg4 26. hxg4 Rab8 27. Nxc6 Rxb6
28. Ne7+ Kh7 29. Nxd5 Rb5 30. Nc3 Rxb4 31. Nxe4 Bxd4 32. Nxg5+ Kg6 33. Ne4 Re8
34. f3 Re6 35. b3 Bc3+ 36. Kf1 Bd4 37. Rh5 Be3 38. Rd3 Bg5 39. Nxg5 hxg5 40.
Rd5 Rxb3 41. Rdxg5+ Kf6 42. Rh6+ Kxg5 43. Rxe6 Kf4 44. Kf2 Ra3 45. g3+ Kg5 46.
Re5+ Kf6 47. f4 a5 48. Kg2 a4 49. Kh3 Ra1 50. g5+ Kg6 51. Kg4 a3 52. Ra5 a2 53.
Ra6+ Kh7 54. Kf5 Kg7 55. Ra7+ Kf8 56. Kf6 Ke8 57. g6 Rg1 58. Rxa2 Rxg3 59. g7
Rg4 60. g8=Q+ Rxg8 61. Ra8+ 1-0

[Event "XI MFSz PERLA BALTYKU"]
[Site "Lazy"]
[Date "2015.07.05"]
[Round "7.24"]
[White "Przerwa, Waldemar"]
[Black "Kokoszczynski, Jan"]
[Result "1/2-1/2"]
[WhiteElo "1763"]
[BlackElo "1988"]
[PlyCount "84"]
[EventDate "2015.??.??"]

1. d4 d5 2. Nc3 Nf6 3. Bg5 Bf5 4. e3 e6 5. Nf3 h6 6. Bh4 Be7 7. Bd3 Bxd3 8.
Qxd3 O-O 9. O-O Nbd7 10. e4 dxe4 11. Nxe4 c5 12. Nxf6+ Nxf6 13. Rfd1 Qc7 14.
dxc5 Qxc5 15. c3 Rfd8 16. Qe2 Qa5 17. a3 Qa4 18. Rd4 Rxd4 19. Nxd4 Rd8 20. Re1
Kh8 21. h3 Qd7 22. Qf3 Qd5 23. Qxd5 Rxd5 24. Re2 Bc5 25. Bxf6 gxf6 26. Nf3 Kg7
27. Rd2 Rxd2 28. Nxd2 f5 29. Kf1 Kf6 30. Ke2 e5 31. f3 Ke6 32. Kd3 Kd5 33. c4+
Ke6 34. Nb3 Bg1 35. Nd2 Bd4 36. b3 Bc5 37. b4 Be7 38. Nb3 b6 39. Kc3 Bh4 40.
Kd3 Be7 41. Kc3 Bh4 42. Kd3 Bf2 1/2-1/2

[Event "XI MFSz PERLA BALTYKU"]
[Site "Lazy"]
[Date "2015.07.06"]
[Round "8.1"]
[White "Chomczyk, Marek"]
[Black "Tomczak, Jacek"]
[Result "0-1"]
[WhiteElo "2090"]
[BlackElo "2579"]
[PlyCount "110"]
[EventDate "2015.??.??"]

1. d4 Nf6 2. c4 e6 3. Nc3 Bb4 4. Qc2 d5 5. cxd5 exd5 6. Nf3 c5 7. Bg5 Nc6 8. e3
c4 9. Be2 h6 10. Bh4 g5 11. Bg3 Ne4 12. O-O Bxc3 13. bxc3 Bf5 14. Qb2 Qb6 15.
Qa3 Qa5 16. Qxa5 Nxa5 17. Rac1 f6 18. Rfd1 h5 19. Nd2 Nxd2 20. Rxd2 h4 21. Bd6
Kd7 22. Ba3 Rae8 23. Rb2 b6 24. Bd1 Kc7 25. Rb5 Be6 26. Rb2 Nc6 27. Ba4 h3 28.
g3 Bg4 29. Kf1 Bf3 30. Ke1 f5 31. Kd2 Nd8 32. Bxe8 Rxe8 33. Bb4 g4 34. a4 a5
35. Ba3 Be4 36. Rg1 Nf7 37. f3 gxf3 38. g4 f2 39. Rf1 fxg4 40. Rxf2 Bf3 41. Rb5
Ng5 42. Rf1 Re6 43. Bf8 Be4 44. Bg7 Nf3+ 45. Kc1 Bd3 46. Rf2 Rxe3 47. Rxd5 Be4
48. Be5+ Kc8 49. Rd6 Rxc3+ 50. Kb2 Rb3+ 51. Ka2 Bb1+ 52. Ka1 c3 53. Rc6+ Kd7
54. Rh6 Bd3 55. Ka2 Bc4 0-1

[Event "XI MFSz PERLA BALTYKU"]
[Site "Lazy"]
[Date "2015.07.06"]
[Round "8.2"]
[White "Mozharov, Mikhail"]
[Black "Rudolf, Michal"]
[Result "1-0"]
[WhiteElo "2564"]
[BlackElo "2322"]
[PlyCount "93"]
[EventDate "2015.??.??"]

1. d4 Nf6 2. c4 e6 3. Nf3 Bb4+ 4. Bd2 Qe7 5. g3 Nc6 6. Bg2 Bxd2+ 7. Nbxd2 d6 8.
O-O a5 9. e4 e5 10. d5 Nb8 11. Ne1 O-O 12. Nd3 Na6 13. f4 Bg4 14. Qe1 exf4 15.
gxf4 Nd7 16. Qe3 Ndc5 17. Nf2 Bd7 18. a3 a4 19. Rfe1 Rab8 20. Rac1 b5 21. e5 b4
22. Nf3 Nb3 23. Rcd1 bxa3 24. bxa3 Nac5 25. Qc3 Bf5 26. Re3 h6 27. h3 Nd7 28.
Rde1 dxe5 29. fxe5 Qxa3 30. Nd4 Bg6 31. Nc6 Rbe8 32. e6 fxe6 33. dxe6 Nf6 34.
e7 Rf7 35. Nd3 Bxd3 36. Rxd3 Rfxe7 37. Nxe7+ Rxe7 38. Rd8+ Kf7 39. Rf1 Qc5+ 40.
Kh1 c6 41. Qc2 Qe3 42. Qf5 Nd2 43. Rf4 a3 44. Qh5+ Ke6 45. Bd5+ cxd5 46. cxd5+
Nxd5 47. Qxd5# 1-0

[Event "XI MFSz PERLA BALTYKU"]
[Site "Lazy"]
[Date "2015.07.06"]
[Round "8.3"]
[White "Mulet, Piotr"]
[Black "Stupak, Kirill"]
[Result "0-1"]
[WhiteElo "2220"]
[BlackElo "2552"]
[PlyCount "150"]
[EventDate "2015.??.??"]

1. e4 e6 2. d4 d5 3. Nd2 Nc6 4. c3 e5 5. exd5 Qxd5 6. Ngf3 exd4 7. Bc4 Qf5 8.
O-O Be6 9. Bxe6 fxe6 10. Nxd4 Nxd4 11. cxd4 O-O-O 12. Qa4 a6 13. Nf3 Nf6 14.
Re1 Bd6 15. Bd2 h6 16. Rac1 g5 17. Ne5 Ng4 18. Nxg4 Qxg4 19. Qc4 Rhe8 20. h3
Qf5 21. Re3 Qd5 22. Qxd5 exd5 23. g3 Rxe3 24. Bxe3 Kd7 25. Kg2 Ke6 26. g4 c6
27. Rh1 Kf6 28. h4 Kg6 29. Rh3 Re8 30. Kf3 Be7 31. h5+ Kf6 32. Rh1 Kf7 33. Rd1
Bd6 34. Rd3 Re7 35. Rb3 a5 36. a4 Bb4 37. Rd3 Re4 38. Rd1 Ke8 39. Rg1 Re7 40.
Rc1 Kd7 41. Rh1 b6 42. Ke2 c5 43. Kd3 c4+ 44. Ke2 Bd6 45. b3 Kc6 46. Rc1 Ba3
47. Rc2 b5 48. bxc4 bxc4 49. Ra2 Bb4 50. Rc2 Re4 51. Kf3 Re8 52. Ke2 Kd7 53.
Kf3 Kc6 54. Rc1 Ba3 55. Rc3 Bd6 56. Rc2 Rb8 57. Bd2 Rb3+ 58. Ke2 Bb4 59. Bc1
Bc3 60. Be3 Ra3 61. Rc1 Ra2+ 62. Kf3 Bd2 63. Rb1 Bb4 64. Kg2 c3 65. Rc1 c2 66.
f4 gxf4 67. Bxf4 Ba3 68. Bxh6 Bxc1 69. Bxc1 Ra1 70. Bf4 Kd7 71. h6 c1=Q 72.
Bxc1 Rxc1 73. Kg3 Ke6 74. Kf4 Kf6 75. h7 Rf1+ 0-1

[Event "XI MFSz PERLA BALTYKU"]
[Site "Lazy"]
[Date "2015.07.06"]
[Round "8.4"]
[White "Shishkin, Vadim"]
[Black "Eggink, Ryszard"]
[Result "1-0"]
[WhiteElo "2507"]
[BlackElo "2316"]
[PlyCount "61"]
[EventDate "2015.??.??"]

1. d4 Nf6 2. c4 e6 3. Nc3 Bb4 4. Qc2 O-O 5. e4 c5 6. d5 Bxc3+ 7. bxc3 exd5 8.
exd5 Re8+ 9. Be2 d6 10. h3 Ne4 11. Nf3 Bf5 12. Qb2 Qf6 13. Bd2 Nd7 14. O-O Nb6
15. a4 Ng3 16. fxg3 Rxe2 17. Nh4 g6 18. Nxf5 gxf5 19. Rf4 Qg5 20. Kh2 Kh8 21.
Re1 Nxc4 22. Qxb7 Rae8 23. Rxe2 Rxe2 24. Qc8+ Qg8 25. Qxf5 Ne5 26. Qf6+ Qg7 27.
Qd8+ Qg8 28. Qxd6 Ng6 29. Bc1 Nxf4 30. Bxf4 Qe8 31. Qf6+ 1-0

[Event "XI MFSz PERLA BALTYKU"]
[Site "Lazy"]
[Date "2015.07.06"]
[Round "8.5"]
[White "Snihur, Piotr"]
[Black "Stremavicius, Titas"]
[Result "0-1"]
[WhiteElo "2124"]
[BlackElo "2442"]
[PlyCount "140"]
[EventDate "2015.??.??"]

1. d4 f5 2. e4 fxe4 3. Nc3 Nf6 4. Bg5 c6 5. f3 e3 6. Bxe3 d5 7. Bd3 c5 8. dxc5
Nc6 9. Bf2 e5 10. Qd2 Be6 11. Nge2 Qa5 12. Nb5 Qxd2+ 13. Kxd2 O-O-O 14. c3 Ne4+
15. fxe4 dxe4 16. Ned4 exd4 17. Bxe4 Bxc5 18. Nxd4 Nxd4 19. Bxd4 Bxd4 20. cxd4
Rxd4+ 21. Ke3 Rb4 22. Rac1+ Kb8 23. a3 Rb3+ 24. Rc3 Rxb2 25. Rhc1 Re8 26. Kf3
h6 27. h4 h5 28. Rc7 Rb6 29. Rxg7 Bc8 30. Bd5 a6 31. Rc3 Rd6 32. Rg5 Red8 33.
Be4 Re8 34. Bd5 b5 35. Kg3 Red8 36. Be4 Rd4 37. Bf3 Rd3 38. Rgc5 Bg4 39. Rc7
Rxc3 40. Rxc3 Rd4 41. Rc6 Ra4 42. Rc3 Ka7 43. Re3 Kb6 44. Rc3 Ka5 45. Rd3 Rc4
46. Bd5 Rc7 47. Kf4 Ka4 48. g3 a5 49. Be4 Rc1 50. Ke5 Ra1 51. Bc6 Be2 52. Re3
Bc4 53. Rc3 Bf1 54. Rf3 Rc1 55. Bd7 Bg2 56. Re3 Bf1 57. Be8 Rc2 58. Kd4 Rc4+
59. Kd5 Bg2+ 60. Kd6 Re4 61. Rxe4+ Bxe4 62. Kc5 Bd3 63. Bxh5 Kxa3 64. Kd4 Bh7
65. g4 b4 66. Bf7 b3 67. Bxb3 Kxb3 68. h5 a4 69. g5 a3 70. g6 a2 0-1

[Event "XI MFSz PERLA BALTYKU"]
[Site "Lazy"]
[Date "2015.07.06"]
[Round "8.6"]
[White "Fraczek, Daniel"]
[Black "Lewtak, Damian"]
[Result "1/2-1/2"]
[WhiteElo "2411"]
[BlackElo "2325"]
[PlyCount "34"]
[EventDate "2015.??.??"]

1. d4 d5 2. c4 c6 3. Nf3 Nf6 4. Nc3 dxc4 5. a4 Bf5 6. e3 e6 7. Bxc4 Bb4 8. O-O
Nbd7 9. Qe2 Ne4 10. Nxe4 Bxe4 11. Rd1 O-O 12. Bd3 Bxd3 13. Qxd3 Qe7 14. Bd2
Bxd2 15. Rxd2 Rfd8 16. Qb3 Rab8 17. h3 h6 1/2-1/2

[Event "XI MFSz PERLA BALTYKU"]
[Site "Lazy"]
[Date "2015.07.06"]
[Round "8.7"]
[White "Nowak, Kamil"]
[Black "Nowicki, Bartosz"]
[Result "0-1"]
[WhiteElo "2123"]
[BlackElo "2018"]
[PlyCount "88"]
[EventDate "2015.??.??"]

1. e4 c5 2. Nf3 d6 3. d4 cxd4 4. Nxd4 Nf6 5. Nc3 Nc6 6. Bg5 e6 7. Qd2 a6 8.
O-O-O h6 9. Nxc6 bxc6 10. Bf4 d5 11. Qe3 Bb4 12. a3 Ba5 13. Be2 O-O 14. e5 Nd7
15. Qg3 Bc7 16. Bd3 Ra7 17. Rhe1 f5 18. Kb1 Kh7 19. h4 Ba5 20. h5 Bxc3 21. bxc3
Nc5 22. Ka2 Na4 23. Bd2 c5 24. Rb1 Qe8 25. Be2 Bd7 26. Rb3 Bc6 27. Reb1 c4 28.
Rb4 a5 29. Qg6+ Qxg6 30. hxg6+ Kxg6 31. Rb8 Rxb8 32. Rxb8 Rb7 33. Rxb7 Bxb7 34.
f4 Kf7 35. g3 Bc6 36. Be1 g5 37. Kb1 Kg6 38. Kc1 Nc5 39. Bf3 Ne4 40. Bxe4 dxe4
41. fxg5 hxg5 42. Kd1 Kh5 43. Ke2 f4 44. Bf2 e3 0-1

[Event "XI MFSz PERLA BALTYKU"]
[Site "Lazy"]
[Date "2015.07.06"]
[Round "8.8"]
[White "Lewicki, Miroslaw"]
[Black "Sliwicki, Damian"]
[Result "1/2-1/2"]
[WhiteElo "2224"]
[BlackElo "2100"]
[PlyCount "93"]
[EventDate "2015.??.??"]

1. e4 e5 2. Nf3 Nf6 3. Nc3 Nc6 4. Bc4 Nxe4 5. Nxe4 d5 6. Bd3 f5 7. Bb5 fxe4 8.
Nxe5 Qg5 9. Nxc6 bxc6 10. Bxc6+ Kd8 11. Qe2 Qxg2 12. Qf1 Qf3 13. Rg1 Bg4 14.
Rxg4 Qxg4 15. h3 Qf3 16. Bxa8 Bc5 17. Qg1 Rf8 18. d4 Bxd4 19. Bg5+ Kd7 20. Qg4+
Qxg4 21. hxg4 Bxb2 22. Rd1 Rxa8 23. Rxd5+ Ke6 24. Rb5 Bd4 25. Ke2 Rf8 26. Bh4
Rf4 27. Bg3 Rxg4 28. Bxc7 g5 29. Ra5 h5 30. c3 Bxc3 31. Rxa7 h4 32. Kf1 h3 33.
Ra3 Be5 34. Bxe5 Kxe5 35. Rxh3 Rf4 36. Ra3 Rf7 37. Kg2 Kf4 38. Ra4 g4 39. Ra8
g3 40. fxg3+ Ke3 41. g4 Kd2 42. Rd8+ Kc3 43. Rc8+ Kd2 44. Rd8+ Kc2 45. Rc8+ Kd2
46. Rd8+ Kc2 47. Rc8+ 1/2-1/2

[Event "XI MFSz PERLA BALTYKU"]
[Site "Lazy"]
[Date "2015.07.06"]
[Round "8.9"]
[White "Lewtak, Dominik"]
[Black "Zebracki, Tomasz"]
[Result "0-1"]
[WhiteElo "2153"]
[BlackElo "2114"]
[PlyCount "66"]
[EventDate "2015.??.??"]

1. c4 c5 2. g3 Nf6 3. Bg2 d5 4. cxd5 Nxd5 5. Nc3 Nc7 6. Nf3 Nc6 7. O-O e5 8. d3
Be7 9. Nd2 O-O 10. Nc4 f6 11. f4 exf4 12. Rxf4 Be6 13. Qb3 Nd4 14. Qxb7 Rb8 15.
Qxa7 Ncb5 16. Nxb5 Nxe2+ 17. Kh1 Nxf4 18. Bxf4 Rxb5 19. Re1 Qxd3 20. b3 Bd8 21.
Qa6 Rb6 22. Qa8 Rb4 23. Qc6 Bxc4 24. bxc4 Rb2 25. Bd5+ Kh8 26. Qe8 Qf1+ 27.
Rxf1 Rxe8 28. a4 Ree2 29. h4 Ra2 30. Bc6 g5 31. hxg5 fxg5 32. Bb8 Bf6 33. Bf3
Rh2+ 0-1

[Event "XI MFSz PERLA BALTYKU"]
[Site "Lazy"]
[Date "2015.07.06"]
[Round "8.10"]
[White "Kubicka, Anna"]
[Black "Karpus, Michal"]
[Result "1-0"]
[WhiteElo "2014"]
[BlackElo "2114"]
[PlyCount "85"]
[EventDate "2015.??.??"]

1. e4 e5 2. Nf3 Nc6 3. Bb5 a6 4. Ba4 Nf6 5. O-O Be7 6. Re1 b5 7. Bb3 d6 8. c3
O-O 9. h3 Na5 10. Bc2 c5 11. d4 Nd7 12. d5 Re8 13. Nbd2 Bf8 14. Nf1 Nc4 15. Ng3
g6 16. Nh2 Bg7 17. Ng4 Qh4 18. b3 Ncb6 19. Be3 Qe7 20. Qd2 Nf8 21. Bg5 f6 22.
Nh6+ Kh8 23. Be3 a5 24. h4 a4 25. h5 Bd7 26. hxg6 hxg6 27. f3 Nh7 28. Kf2 axb3
29. Bxb3 Nc4 30. Bxc4 bxc4 31. Rh1 Ra3 32. Rh2 Rea8 33. Ne2 f5 34. Bg5 Bf6 35.
Bxf6+ Qxf6 36. Rah1 Rxa2 37. Ng4 fxg4 38. Rxh7+ Kg8 39. Qh6 Rxe2+ 40. Kxe2
gxf3+ 41. gxf3 Ra2+ 42. Ke3 Bh3 43. Rxh3 1-0

[Event "XI MFSz PERLA BALTYKU"]
[Site "Lazy"]
[Date "2015.07.06"]
[Round "8.11"]
[White "Niekras, Dawid"]
[Black "Chylewski, Patryk"]
[Result "1-0"]
[WhiteElo "2276"]
[BlackElo "2131"]
[PlyCount "75"]
[EventDate "2015.??.??"]

1. e4 e6 2. d4 d5 3. Nc3 Bb4 4. e5 Ne7 5. a3 Bxc3+ 6. bxc3 c5 7. h4 Qa5 8. Bd2
Qa4 9. h5 h6 10. Bd3 O-O 11. Nf3 Nbc6 12. Qc1 f5 13. Bxh6 c4 14. Bxg7 Kxg7 15.
h6+ Kf7 16. Qg5 cxd3 17. Qg7+ Ke8 18. h7 Qxc2 19. Qxf8+ Kxf8 20. h8=Q+ Ng8 21.
O-O Nce7 22. Qh5 Kg7 23. Ng5 Nh6 24. Qe8 Neg8 25. Nxe6+ Bxe6 26. Qxa8 f4 27.
Qxb7+ Kg6 28. Qa6 Kf7 29. Rac1 Qe2 30. Rfe1 Qh5 31. Qxd3 Ng4 32. Qh3 Qg6 33.
Qh4 f3 34. Qg3 fxg2 35. f3 Qd3 36. Qf4+ Ke8 37. fxg4 Qh3 38. Qh2 1-0